000 010620000a22001090004500
100 1 _aAlmada, Samuel E.
245 1 0 _aLa profecía de Ezequiel : Señales de esperanza para exiliados. Oráculos, visiones y estructuras
300 _aNum. 35-36 (2000), Páginas 103-121
520 _aLa propuesta del presente trabajo es brindar un panorama del conjunto del libro de Ezequiel, partiendo del contexto de exilio y la situación socio-política de los deportados. Se remarcan aspectos particulares y relevantes como el perfil del profeta, características lingüísticas, elementos de forma y contenido del material oracular y de las visiones, que en este caso están cuidadosamente elaboradas y desarrolladas. Asimismo se presta especial atención a la configuración de estructuras que constituyen una forma de articulación del mensaje-proyecto que se está proponiendo, para recrear la esperanza de salvación y restauración de la comunidad, en medio de una situación de adversidad.
773 0 _tRevista de Interpretación Bíblica Latinoamericana
942 _cANA
999 _c52530
_d52530